| 000 | 00580cam a2200181 a 4500 | ||
|---|---|---|---|
| 001 | 000004939 | ||
| 005 | 20200929151536.0 | ||
| 008 | 080618s1993 pr l000 0 spa d | ||
| 020 | _a0865814767 | ||
| 040 |
_aDO-SdBNP _bspa _cBNPHU |
||
| 082 |
_aPR861.42 _bM672c |
||
| 100 | 1 |
_aMiranda Archilla, Graciany. _914264 |
|
| 245 | 1 | 0 |
_aCamino de la sed / _cGraciany Miranda Archilla. |
| 260 |
_aSan Juan, Puerto Rico : _bInstituto de Cultura Puertorriqueña, _c1993. |
||
| 300 |
_a123 p. ; _c22 cm. |
||
| 650 | 4 |
_aPoesía puertorriqueña _91015 |
|
| 650 | 4 |
_aLiteratura puertorriqueña _9250 |
|
| 999 |
_c4745 _d4745 |
||